000
00195 a2200097 4500
001
48936
100
_a
IQBAL
245
_a
Kulyaat iqbal
260
_a
Lahore
_b
Alfaisal
_c
090
_c
31830
_d
31830
942
_a
NUST-CAE
_c
M
_c
24259
999
_c
284009
_d
284009